Six illuminates of modern India / (Record no. 93370)

MARC details
000 -LEADER
fixed length control field 00606nam a22002057a 4500
005 - DATE AND TIME OF LATEST TRANSACTION
control field 20150619120747.0
010 ## - LCCN (DPL NO)
LC control number ENG-112879
020 ## - INTERNATIONAL STANDARD BOOK NUMBER
Terms of availability 150.00
International Standard Book Number 9788172764463
035 ## - SYSTEM CONTROL NUMBER
System control number EN-96411
037 ## - SOURCE OF ACQUISITION
Source of stock number/acquisition DBAD/PUB
082 ## - DEWEY DECIMAL CLASSIFICATION NUMBER
Classification number 920
100 ## - MAIN ENTRY--PERSONAL NAME
Personal name Roy, Dilip Kumar
245 ## - TITLE STATEMENT
Title Six illuminates of modern India /
Statement of responsibility, etc by Dilip Kumar Roy ; foreworded by H.V. Kamath
250 ## - EDITION STATEMENT
Edition statement 2nd ed
260 ## - PUBLICATION, DISTRIBUTION, ETC. (IMPRINT)
Place of publication, distribution, etc Mumbai
Name of publisher, distributor, etc Bharatiya Vidaya Bhawan
Date of publication, distribution, etc 2011
270 ## - ADDRESS
Address K.M. Munshi Marg,
City Mumbai
Postal code 400007
300 ## - PHYSICAL DESCRIPTION
Extent xiv,200p. :
Dimensions 22cm(pbk)
Other physical details ill.
700 ## - ADDED ENTRY--PERSONAL NAME
Personal name Kamath, H.V.
942 ## - ADDED ENTRY ELEMENTS (KOHA)
Source of classification or shelving scheme Dewey Decimal Classification
Item type English Books
Call number suffix ROY
Classification part 920
Holdings
Withdrawn status Lost status Not for loan Collection code Home library Current library Date acquired Source of acquisition Cost, normal purchase price Full call number Barcode Copy number Cost, replacement price Koha item type
    Not For Loan Non-fiction D.B.Act.Division D.B.Act.Division 07/05/2015 DBAD/PUB 150.00 920 ROY EN-96411 1 150.00 English Books

© Delhi Public Library
Hit Counter
free hit counter